Music Quiz

Random Music or Bands Quiz

#1 Singles Of 2000 Quiz Stats

 Plays Quiz not verified by Sporcle

Challenge
Share
Tweet
Embed
Score 0/19 Timer 06:00
0 Plays Today
Singer/Band Song % Correct
Santana ft. Rob ThomasSmooth
96.9%
MadonnaMusic
87.5%
Santana ft. The Product G&BMaria Maria
81.3%
LonestarAmazed
78.1%
Destiny's ChildSay My Name
78.1%
AaliyahTry Again
78.1%
Christina AguileraWhat A Girl Wants
75%
Christina AguileraCome On Over Baby (All I Want Is You)
75%
Destiny's ChildIndependent Women Part I
75%
Savage GardenI Knew I Loved You
71.9%
Singer/Band Song % Correct
Savage GardenI Knew I Loved You
71.9%
Matchbox TwentyBent
68.8%
*NSYNCIt's Gonna Be Me
65.6%
SisqóIncomplete
62.5%
Janet JacksonDoesn't Really Matter
59.4%
CreedWith Arms Wide Open
59.4%
Mariah Carey ft. Joe & 98 DegreesThank God I Found You
56.3%
Enrique IglesiasBe With You
56.3%
Vertical HorizonEverything You Want
56.3%

You're not logged in!

Compare scores with friends on all Sporcle quizzes.
Join for Free
OR
Log In

You Might Also Like...

Show Comments

Extras

Top Quizzes Today


Score Distribution

Your Account Isn't Verified!

In order to create a playlist on Sporcle, you need to verify the email address you used during registration. Go to your Sporcle Settings to finish the process.

Report this User

Report this user for behavior that violates our Community Guidelines.

Details: